01613nam a2200289 a 450000100100000000500170001000800410002702000180006804000250008608200160011110000400012724501010016726000430026830000200031149000720033150001220040350000800052550001280060559000260073371000610075970000530082083000790087395201200095295201140107295201200118699900170130600004671920201002053054.0180320s2014 dr r 000 0 spa d a9789945896329 aDO-SdBNPbspacBNPHU axxxxbG643m1 aGonzález, Nurys del Carmen92975910aMódulo 2. Taller 4. la multiplicación. Tablas de multiplicar /cNurys del Carmen González. aSanto Domingo :bMINERD ;bOEI,c2014. a20 p. ;c28 cm.1 aDesarrollo profesional docente, enseñanza de la lengua española aPolítica de apoyo a los aprendizajes de los primeros grados de nivel básico en lectura, escritura y matemática. aRegional educativa 05 San Pedro de Macorís, 12 Higüey, y 17 Monte Plata aA la cabeza del título: Desarrollo Profesional Docente. Capacitación de Docentes para la Enseñanza de la Matemática aInventariado, 2018/BT1 aRepública DominicanabMinisterio de Educación94310012aOrganización de Estados Iberoamericanos974658 0aDesarrollo profesional docente, enseñanza de la lengua española974659 0010718DSaGRbGRcHDd2018-03-20iLF1l0oxxxx G643mp46719-30r2020-06-25te. 3w2020-06-25yLFDSZNo se presta 0010718PDaPDbPDcHDd2018-03-20iLF1l0oxxxx G643mp46719-10r2020-06-25w2020-06-25yLFPDZNo se presta 0010718PDaPDbPDcHDd2018-03-20iLF1l0oxxxx G643mp46719-20r2020-06-25te. 2w2020-06-25yLFPDZNo se presta c46208d46208